| 000 | 00564nam a2200181Ia 4500 | ||
|---|---|---|---|
| 008 | 140609s9999 xx 000 0 und d | ||
| 020 | _a9789810517281 | ||
| 050 |
_aD 805.J3 _b.L628 2004 |
||
| 100 | _aLim, Janet. | ||
| 245 |
_aSold for silver : _ban autobiography of a girl soldinto slavery in Southeast Asia / _cJanet Lim |
||
| 260 |
_aSingapore : _bMonsoon Books, _cc2004. |
||
| 300 |
_a240 p. ; _c20 cm. |
||
| 521 | _aGE | ||
| 650 | _aJapanese. | ||
| 650 |
_aWorld War, 1939-1945 _xPrisoners and prisons. |
||
| 942 |
_kFOR _cBK |
||
| 999 |
_c117899 _d117899 |
||